Normal view
MARC view
- Johnson, Jerry Evans, Benny
Entry Personal Name
001 - CONTROL NUMBER
- control field: 75170
003 - CONTROL NUMBER IDENTIFIER
- control field: NUST
005 - DATE AND TIME OF LATEST TRANSACTION
- control field: 20210628205351.0
008 - FIXED-LENGTH DATA ELEMENTS
- fixed length control field: 210628|| aca||aabn | a|a d
040 ## - CATALOGING SOURCE
- Original cataloging agency: NUST
- Transcribing agency: NUST
100 ## - HEADING--PERSONAL NAME
- Personal name: Johnson, Jerry Evans, Benny
670 ## - SOURCE DATA FOUND
- Source citation: Work cat.: (NUST): Johnson, Jerry Evans, Benny, Linear algebra with derive, 1994
